000 01287cam a2200325 a 4500
001 12268572
003 OSt
005 20230916134332.0
008 010103s2000 enk b 001 0 eng d
010 _a 2001274024
020 _a9780521775953
035 _a(OCoLC)ocm43186981
040 _aUKM
_cUKM
_dC#P
_dDLC
042 _alccopycat
050 0 0 _aPR871
_b.D37 2000
082 0 0 _a823.809
_bDEN/V
100 1 _aDennis, Barbara,
_d1942-
_99505
245 1 4 _aThe Victorian novel /
_cBarbara Dennis.
260 _aCambridge, U.K. ;
_aNew York :
_bCambridge University Press,
_c2000.
300 _a128 p. ;
_c23 cm.
440 0 _aCambridge contexts in literature
504 _aIncludes bibliographical references (p. 122-123) and index.
650 0 _aEnglish fiction
_y19th century
_xHistory and criticism.
650 0 _aEnglish fiction
_y19th century
_xExaminations
_vStudy guides.
856 4 2 _3Publisher description
_uhttp://www.loc.gov/catdir/description/cam022/2001274024.html
856 4 1 _3Table of contents
_uhttp://www.loc.gov/catdir/toc/cam026/2001274024.html
906 _a7
_bcbc
_ccopycat
_d3
_encip
_f20
_gy-gencatlg
942 _2ddc
_cBK
_h823.809
_iDEN/V
_k823.809
_mDEN/V
999 _c42206
_d42206